Environmental due diligence for commercial property (Record no. 66275)

MARC details
000 -LEADER
fixed length control field 01010cam a2200229 4500
001 - CONTROL NUMBER
control field ABS63568
008 - FIXED-LENGTH DATA ELEMENTS--GENERAL INFORMATION
fixed length control field 000000n2001 000 0 eng u
035 ## - SYSTEM CONTROL NUMBER
System control number (Sirsi) u111231
100 ## - MAIN ENTRY--PERSONAL NAME
Personal name Taylor, C.
245 ## - TITLE STATEMENT
Title Environmental due diligence for commercial property
260 ## - PUBLICATION, DISTRIBUTION, ETC.
Date of publication, distribution, etc. 2001
490 ## - SERIES STATEMENT
Series statement Solicitors' Journal
Volume/sequential designation 145(7) 23 February 2001, 152-156(5)
520 ## - SUMMARY, ETC.
Summary, etc. Reviews the available options for commercial property developers increasingly required to build on brownfield land. There is a growing demand for effective risk assessment processes. Lists the differences between the main commercial risk screening services, and report suitability for different commercial sites.
590 ## - LOCAL NOTE (RLIN)
Local note ABS
650 ## - SUBJECT ADDED ENTRY--TOPICAL TERM
Topical term or geographic name entry element DUE DILIGENCE REPORTS
650 ## - SUBJECT ADDED ENTRY--TOPICAL TERM
Topical term or geographic name entry element ENVIRONMENTAL RISK ASSESSMENT
650 ## - SUBJECT ADDED ENTRY--TOPICAL TERM
Topical term or geographic name entry element BROWNFIELD SITES
650 ## - SUBJECT ADDED ENTRY--TOPICAL TERM
Topical term or geographic name entry element PROPERTY-COMMERCIAL PROPERTY-COMMERCIAL PROPERTY DEVELOPMENT
650 ## - SUBJECT ADDED ENTRY--TOPICAL TERM
Topical term or geographic name entry element ENVIRONMENTAL PROTECTION ACT 1990 S78
690 ## - LOCAL SUBJECT ADDED ENTRY--TOPICAL TERM (OCLC, RLIN)
Topical term or geographic name as entry element ENVIRONMENT-AUDIT/ASSESSMENT
942 ## - ADDED ENTRY ELEMENTS (KOHA)
Suppress in OPAC 0
Holdings
Withdrawn status Lost status Source of classification or shelving scheme Damaged status Not for loan Home library Current library Shelving location Date acquired Total Checkouts Full call number Barcode Date last seen Copy number Price effective from Koha item type
    Dewey Decimal Classification     London London Journal article 01/03/2001   ABS63568 111231-1001 06/08/2019 1 06/08/2019 Journal article